<?xml version="1.0" encoding="UTF-8"?><?xml-stylesheet type="text/xsl" href="static/style.xsl"?><OAI-PMH xmlns="http://www.openarchives.org/OAI/2.0/" xmlns:xsi="http://www.w3.org/2001/XMLSchema-instance" xsi:schemaLocation="http://www.openarchives.org/OAI/2.0/ http://www.openarchives.org/OAI/2.0/OAI-PMH.xsd"><responseDate>2026-04-13T02:15:03Z</responseDate><request verb="GetRecord" identifier="oai:www.recercat.cat:2099.1/20120" metadataPrefix="marc">https://recercat.cat/oai/request</request><GetRecord><record><header><identifier>oai:recercat.cat:2099.1/20120</identifier><datestamp>2025-07-22T17:12:21Z</datestamp><setSpec>com_2072_1033</setSpec><setSpec>col_2072_452951</setSpec></header><metadata><record xmlns="http://www.loc.gov/MARC21/slim" xmlns:dcterms="http://purl.org/dc/terms/" xmlns:xsi="http://www.w3.org/2001/XMLSchema-instance" xmlns:doc="http://www.lyncode.com/xoai" xsi:schemaLocation="http://www.loc.gov/MARC21/slim http://www.loc.gov/standards/marcxml/schema/MARC21slim.xsd">
   <leader>00925njm 22002777a 4500</leader>
   <datafield ind2=" " ind1=" " tag="042">
      <subfield code="a">dc</subfield>
   </datafield>
   <datafield ind2=" " ind1=" " tag="720">
      <subfield code="a">Luque Lopera, Alfonso</subfield>
      <subfield code="e">author</subfield>
   </datafield>
   <datafield ind2=" " ind1=" " tag="720">
      <subfield code="a">Balboa García, Félix</subfield>
      <subfield code="e">author</subfield>
   </datafield>
   <datafield ind2=" " ind1=" " tag="260">
      <subfield code="c">2013-07-17</subfield>
   </datafield>
   <datafield ind2=" " ind1=" " tag="520">
      <subfield code="a">El presente estudio, pretende analizar el impacto que ha tenido la formación sobre la&#xd;
accidentalidad en nuestro sector a partir de la aparición del IV Convenio General del Sector de&#xd;
la Construcción. Para realizar un riguroso proceso de recogida, análisis y síntesis de la&#xd;
información, se ha organizado el trabajo en diferentes partes con el objetivo de llegar a unas&#xd;
conclusiones lo más precisas posibles.&#xd;
Empezaremos definiendo la justificación y los objetivos que motivaron a realizar el estudio y&#xd;
que puede aportar al sector de la construcción, ya que, es un tema tan sensible como la&#xd;
reducción de la siniestralidad, en este caso a través de la formación.&#xd;
A continuación, se ha realizado una lectura de bibliografía científica sobre el tema, tanto en&#xd;
castellano como en inglés, que ha servido para saber dónde se ha llegado hasta el día de hoy&#xd;
con respecto a este tema y los distintos enfoques aportados por parte de los diferentes&#xd;
autores. Una vez realizada la lectura y extraída la información más importante de cada autor,&#xd;
se ha realizado el marco teórico para sintetizar toda esta información y agrupar los autores por&#xd;
apartados en función de sus resultados.&#xd;
Seguidamente, se ha dado paso a la metodología cuyo objetivo es dar información de cómo se&#xd;
han extraído los datos y cómo se han estudiado para llegar a las conclusiones obtenidas.&#xd;
Una vez hecha la metodología, se ha llegado a la parte analítica del trabajo. Es ésta la que&#xd;
aporta la información necesaria para poder extraer las conclusiones del proyecto, ya que, es&#xd;
aquí donde se confirma si lo que han dicho los diferentes autores estudiados en el marco&#xd;
teórico se cumple o no.&#xd;
Finalmente, una vez trabajado tanto el estudio bibliográfico como la parte metodológica, se&#xd;
pueden extraer las conclusiones necesarias para observar si se han obtenido resultados&#xd;
interesantes y si el estudio ha cumplido con los objetivos previstos.</subfield>
   </datafield>
   <datafield tag="653" ind2=" " ind1=" ">
      <subfield code="a">Àrees temàtiques de la UPC::Economia i organització d'empreses::Seguretat industrial::Prevenció de riscos laborals</subfield>
   </datafield>
   <datafield tag="653" ind2=" " ind1=" ">
      <subfield code="a">Industrial safety</subfield>
   </datafield>
   <datafield tag="653" ind2=" " ind1=" ">
      <subfield code="a">Building</subfield>
   </datafield>
   <datafield tag="653" ind2=" " ind1=" ">
      <subfield code="a">Seguretat en el treball</subfield>
   </datafield>
   <datafield tag="653" ind2=" " ind1=" ">
      <subfield code="a">Construcció</subfield>
   </datafield>
   <datafield ind2="0" ind1="0" tag="245">
      <subfield code="a">Análisis de la relación entre formación y accidentalidad</subfield>
   </datafield>
</record></metadata></record></GetRecord></OAI-PMH>